ලස්සන හඳ

Saved in:
Bibliographic Details
Main Author: අතපත්තු, ආර්.බී
Format: Book
Published: කොළඹ 10: ගොඩගේ, 2013.
Subjects:
500
Tags: Add Tag
No Tags, Be the first to tag this record!

MARC

LEADER 00000nam a22000007a 4500
005 20230620144002.0
020 |a 9789553045744 
041 |a SIN 
082 |a 523.3  |b අතප  
100 |a අතපත්තු, ආර්.බී. 
245 |a ලස්සන හඳ  
260 |a කොළඹ 10:  |b ගොඩගේ,  |c 2013. 
300 |a 20;  |b සෙ.මි.30. 
650 |a 500 
942 |2 ddc  |c LBK 
999 |c 55685  |d 55685